El arte de la magia (Registro nro. 29827)

Detalles MARC
000 -CABECERA
Longitud fija campo de control 00722nam a2200217 a 4500
003 - • IDENTIFICADOR DELl NÚMERO DE CONTROL
Identificador del número de control CO-ViMGA
008 - • CÓDIGOS DE INFORMACIÓN DE LONGITUD FIJA
Códigos de información de longitud fija 141112s2004 ck r 000 u spa d
020 ## - • NÚMERO INTERNACIONAL NORMALIZADO PARA LIBROS
Número Internacional Normalizado para Libros (ISBN) 9589308511
040 ## - FUENTE DE LA CATALOGACIÓN
Centro catalogador de origen CO-ViMGA
Lengua de catalogación spa
Centro transcriptor CO-ViMGA
082 04 - • NÚMERO DE LA CLASIFICACIÓN DECIMAL DEWEY
Número de clasificación (R) 133.44 G131a
100 1# - • PUNTO DE ACCESO PRINCIPAL-NOMBRE DE PERSONA
Nombre de persona Gáfaro, Alejandra; Fidalgo, Ximena
245 10 - • TITULO PROPIAMENTE DICHO
Título El arte de la magia
300 ## - • DESCRIPCIÓN FÍSICA
Extensión 136p
505 ## - • NOTA DE CONTENIDO CON FORMATO
Nota de contenido con formato breve reseña histórica sobre la magia 12 - - Cómo se hace un mago? 82 - - 35 juegos de magia 94
590 ## - NOTAS LOCALES
Nota local Forma de adquisición : Donación - - Fecha de adquisición : Noviembre 2006 - - Ejemplares : 2
650 14 - • PUNTO DE ACCESO ADICIONAL DE MATERIA - TÉRMINO DE MATERIA
Término de materia o nombre geográfico como elemento inicial MAGIA
650 14 - • PUNTO DE ACCESO ADICIONAL DE MATERIA - TÉRMINO DE MATERIA
Término de materia o nombre geográfico como elemento inicial MAGOS
942 ## - ENTRADA DE ELEMENTOS AGREGADOS (KOHA)
Fuente de clasificaión o esquema Dewey Decimal Classification
Koha [por defecto] tipo de item LIbro
Existencias
Perdido Fuente de clasificación o esquema Estado Físico No para préstamo Localización permanente Localización actual Fecha adquisición Número de registro Préstamos totales Signatura completa Código de barras Fecha última consulta Número de copia Fecha del precio de reemplazo Tipo de item de Koha Forma de adquisición Localización en estanterías
  Dewey Decimal Classification     Biblioteca Pública Mesetas - Franco lodo Poloxi Biblioteca Pública Mesetas - Franco lodo Poloxi 09/29/2025     793.G12a ME02319 05/26/2025 Ej.1 05/26/2025 LIbro Infantil Sala Infantil
  Dewey Decimal Classification     Biblioteca Pública Vistahermosa Biblioteca Pública Vistahermosa 03/22/2024 793.8G12 a EJ.1   793.8 VIST 001020 03/22/2024 Ej.1 03/22/2024 LIbro    









Instituto Departamental de Cultura del Meta - Red Departamental de Bibliotecas Públicas del Meta.